| 000 | 00414cam a22001337a 4500 | ||
|---|---|---|---|
| 008 | 180718b1963 xxu||||| |||| 00| 0 eng d | ||
| 082 | _aA6x43155 W724 | ||
| 100 | _aWindsor, Philip | ||
| 245 |
_aCity on leave: a history of Berlin 1943-1962. _cby Philip Windsor |
||
| 260 |
_aLondon _bChatto & Windus _c1963 |
||
| 300 | _a276p | ||
| 650 | _aBerlin (Germany) -History -1945-1990. | ||
| 650 | _aBerlin question (1945- ) | ||
| 999 |
_c411020 _d411020 |
||